Score 0/16 Timer 03:00
0 Plays Today
Person Missing Word % Correct
Humphrey _____Bogart
95.4%
Sir _____ NewtonIsaac
92.1%
Sissy _____Spacek
83.1%
_____ BuffettJimmy
78%
Anwar _____Sadat
77.6%
Clara _____Barton
71.9%
Annie _____Lennox
70.1%
Justin _____ Trudeau
68.5%
Person Missing Word % Correct
_____ CallowayCab
63.8%
_____ RoveKarl
60.9%
Robert _____Ripley
59%
Rod _____Serling
57.7%
_____ CsonkaLarry
52.6%
_____ HendersonRickey
47.1%
Louis _____Chevrolet
38.7%
_____ HiltonConrad
38.2%

Today's Daily Dose

You're not logged in!

Compare scores with friends on all Sporcle quizzes.
OR
Log In

Sporcle TV

Today on Sporcle TV


Watch our educational content, quiz creation guides, and fun videos on Sporcle TV.

Show Comments

Extras

Top Quizzes Today


Score Distribution

Paid Content

Your Account Isn't Verified!

In order to create a playlist on Sporcle, you need to verify the email address you used during registration. Go to your Sporcle Settings to finish the process.

Report this User

Report this user for behavior that violates our Community Guidelines.

Details: